header

Handbook of psychoeducational assessment (Record no. 224996)

MARC details
000 -LEADER
fixed length control field 01480nam a2200349Ia 4500
245 00 - TITLE STATEMENT
Title Handbook of psychoeducational assessment
260 ## - PUBLICATION, DISTRIBUTION, ETC. (IMPRINT)
Place of publication San Diego :
Name of publisher Academic Press,
Year of publication c2001.
300 ## - PHYSICAL DESCRIPTION
Number of Pages xxvii, 512 p. :
Other physical details ill.
490 1# - SERIES STATEMENT
Series statement Educational psychology series
650 #0 - SUBJECT ADDED ENTRY--TOPICAL TERM
Topical Term Educational tests and measurements
Topical Term Intelligence tests
700 1# - ADDED ENTRY--PERSONAL NAME
Personal name Andrews, Jac.
Personal name Janzen, Henry L.
Personal name Saklofske, Donald H.
856 40 - ELECTRONIC LOCATION AND ACCESS
Uniform Resource Identifier http://site.ebrary.com/lib/rucke/Doc?id=10206455

No items available.

© 2026 Rongo University
Contact us: librarian | system librarian | Rongo university